Gares de la Dordogne - Statistiques

Statistiques générales
  • Ce quiz a été pris 142 fois
    19 depuis la dernière actualisation
  • Le résultat moyen est 23 sur 37
Statistiques - réponses
Nombre de voyageurs Gares % Correct
398 081 Bergerac
100%
1 058 844 Périgueux
100%
72 932 Sarlat
100%
192 487 Mussidan
77%
19 216 Niversac
77%
39 148 Terrasson
77%
48 018 Le Buisson
69%
19 771 Les Eyzies
69%
180 284 Montpon Ménestérol
69%
26 425 Razac
69%
201 212 Saint Astier
69%
125 501 Thiviers
69%
9 537 Agonac
62%
33 315 Condat - Le Lardin
62%
43 807 Gardonne
62%
18 053 La Coquille
62%
32 349 Lalinde
62%
52 732 Neuvic
62%
23 551 Saint Léon sur l'Isle
62%
5 204 Saint Pierre de Chignac
62%
19 450 Siorac en Périgord
62%
22 300 Thenon
62%
32 033 Boulazac Isle Manoire
54%
13 311 Le Bugue
54%
9 037 Négrondes
54%
15 474 Saint Cyprien
54%
5 524 Trémolat
54%
71 042 Vélines
54%
3 850 Belvès
46%
5 171 Château l'Evêque
46%
7 648 Lamonzie Saint Martin
46%
4 049 Les Versannes
46%
6 964 Saint Antoine de Breuilh
46%
529 Villefranche du Périgord
46%
10 450 Lamothe Montravel
38%
1 616 Mauzac
38%
5 094 Marsac Dordogne
23%
Aucun quiz correspondant
Distribution des résultats
% des personnes avec chaque résultat
Percentile par nombre de réponses
Votre historique - résultats
Vous n’avez pas pris ce quiz depuis la dernière actualisation